Coordination chemistry (Record no. 6982)

MARC details
000 -LEADER
fixed length control field 00759 a2200205 4500
005 - DATE AND TIME OF LATEST TRANSACTION
control field 20080917111826.0
008 - FIXED-LENGTH DATA ELEMENTS--GENERAL INFORMATION
fixed length control field 080917t xxu||||| |||| 00| 0 eng d
010 ## - LCCN (DPL NO)
LC control number ENG-87784
020 ## - INTERNATIONAL STANDARD BOOK NUMBER
International Standard Book Number 8178801558
Terms of availability 350.00
035 ## - SYSTEM CONTROL NUMBER
System control number EN-71317
037 ## - SOURCE OF ACQUISITION
Source of stock number/acquisition DBAD / PUB
082 ## - DEWEY DECIMAL CLASSIFICATION NUMBER
Classification number 541.2242
100 ## - MAIN ENTRY--PERSONAL NAME
Personal name Sarn, K.
245 ## - TITLE STATEMENT
Title Coordination chemistry
Statement of responsibility, etc by K. Sarn
260 ## - PUBLICATION, DISTRIBUTION, ETC. (IMPRINT)
Place of publication, distribution, etc New Delhi
Name of publisher, distributor, etc Rajat Publications
Date of publication, distribution, etc 2005
270 ## - ADDRESS
Address 4675/21, Ansari Road, Daryaganj
City New Delhi
Postal code 110 002
300 ## - PHYSICAL DESCRIPTION
Extent V, 130 p.
Dimensions 22 cm ( Hb.)
942 ## - ADDED ENTRY ELEMENTS (KOHA)
Institution code [OBSOLETE] dpl
Item type English Books
Call number prefix 541.2242/SAR
Source of classification or shelving scheme Dewey Decimal Classification
Classification part 541.2242
Call number suffix SAR
Holdings
Withdrawn status Lost status Source of classification or shelving scheme Damaged status Not for loan Collection code Home library Current library Date acquired Cost, normal purchase price Total Checkouts Full call number Barcode Date last seen Copy number Cost, replacement price Koha item type
    Dewey Decimal Classification   Not For Loan Non-fiction D.B.Act.Division D.B.Act.Division 17/09/2008 350.00   541.2242 SAR EN-71317 15/09/2008 1 350.00 English Books

© Delhi Public Library
Hit Counter
free hit counter